Sports Quiz

Random Sports or WWE Quiz

WWE NXT Main Event Matches of 2013 Quiz Stats

Quiz not verified by Sporcle

Challenge
Share
Tweet
Embed
Score 0/141 Timer 10:00
0 Plays Today
Event Superstar % Correct
Jan 23rd 2013Adrian Neville
96.3%
Feb 13th 2013Adrian Neville
96.3%
Mar 20th 2013Adrian Neville
96.3%
May 8th 2013Adrian Neville
96.3%
May 29th 2013Adrian Neville
96.3%
Jun 19th 2013Adrian Neville
96.3%
Jul 10th 2013Adrian Neville
96.3%
Jul 17th 2013Adrian Neville
96.3%
Aug 14th 2013Adrian Neville
96.3%
Aug 28th 2013Adrian Neville
96.3%
Sep 18th 2013Adrian Neville
96.3%
Oct 23rd 2013Adrian Neville
96.3%
Nov 13th 2013Adrian Neville
96.3%
Nov 27th 2013Adrian Neville
96.3%
Dec 4th 2013Adrian Neville
96.3%
Dec 18th 2013Adrian Neville
96.3%
Jan 9th 2013Seth Rollins
95.7%
Apr 24th 2013Seth Rollins
95.7%
Aug 14th 2013Seth Rollins
95.7%
Jan 9th 2013Big E Langston
95%
Feb 20th 2013Big E Langston
95%
Apr 3rd 2013Big E Langston
95%
May 15th 2013Big E Langston
95%
Jun 12th 2013Big E Langston
95%
Jul 31st 2013Sami Zayn
95%
Aug 21st 2013Sami Zayn
95%
Sep 4th 2013Sami Zayn
95%
Sep 25th 2013Sami Zayn
95%
Oct 2nd 2013Sami Zayn
95%
Oct 16th 2013Sami Zayn
95%
Nov 20th 2013Sami Zayn
95%
Nov 27th 2013Sami Zayn
95%
Dec 11th 2013Sami Zayn
95%
Dec 25th 2013Sami Zayn
95%
Jan 30th 2013Bo Dallas
93.2%
Feb 6th 2013Bo Dallas
93.2%
Mar 6th 2013Bo Dallas
93.2%
Apr 17th 2013Bo Dallas
93.2%
May 8th 2013Bo Dallas
93.2%
May 29th 2013Bo Dallas
93.2%
Jun 12th 2013Bo Dallas
93.2%
Jul 3rd 2013Bo Dallas
93.2%
Jul 31st 2013Bo Dallas
93.2%
Aug 7th 2013Bo Dallas
93.2%
Oct 2nd 2013Bo Dallas
93.2%
Oct 16th 2013Bo Dallas
93.2%
Dec 4th 2013Bo Dallas
93.2%
Event Superstar % Correct
Dec 18th 2013Bo Dallas
93.2%
Jan 16th 2013Antonio Cesaro
88.8%
Feb 6th 2013Luke Harper
88.8%
Feb 6th 2013Erick Rowan
88.8%
Feb 13th 2013Luke Harper
88.8%
Feb 13th 2013Erick Rowan
88.8%
May 8th 2013Luke Harper
88.8%
May 8th 2013Erick Rowan
88.8%
Jun 5th 2013Luke Harper
88.8%
Jun 5th 2013Erick Rowan
88.8%
Jun 19th 2013Luke Harper
88.8%
Jun 19th 2013Erick Rowan
88.8%
Jul 3rd 2013Antonio Cesaro
88.8%
Jul 10th 2013Luke Harper
88.8%
Jul 10th 2013Erick Rowan
88.8%
Jul 17th 2013Luke Harper
88.8%
Jul 17th 2013Erick Rowan
88.8%
Jul 31st 2013Antonio Cesaro
88.8%
Aug 21st 2013Antonio Cesaro
88.8%
Mar 20th 2013Luke Harper
88.2%
Jul 24th 2013Luke Harper
88.2%
Nov 6th 2013Luke Harper
88.2%
Feb 27th 2013Corey Graves
83.9%
Mar 6th 2013Corey Graves
83.9%
Apr 24th 2013Corey Graves
83.9%
May 22st 2013Corey Graves
83.9%
Jun 5th 2013Corey Graves
83.9%
Jun 19th 2013Corey Graves
83.9%
Jun 26th 2013Corey Graves
83.9%
Jul 10th 2013Corey Graves
83.9%
Jul 17th 2013Corey Graves
83.9%
Aug 14th 2013Roman Reigns
83.9%
Aug 14th 2013Corey Graves
83.9%
Sep 18th 2013Corey Graves
83.9%
Oct 23rd 2013Corey Graves
83.9%
Nov 13th 2013Corey Graves
83.9%
Aug 14th 2013Dean Ambrose
82.6%
May 1st 2013Bray Wyatt
81.4%
May 22st 2013Bray Wyatt
81.4%
Jun 19th 2013Bray Wyatt
81.4%
Jul 10th 2013Bray Wyatt
81.4%
Sep 18th 2013Conor O'Brian
80.7%
Sep 18th 2013Rick Viktor
79.5%
Jan 16th 2013Tyson Kidd
77%
Feb 20th 2013Conor O'Brian
76.4%
Feb 27th 2013Conor O'Brian
76.4%
Mar 6th 2013Conor O'Brian
76.4%
Event Superstar % Correct
Apr 3rd 2013Conor O'Brian
76.4%
Aug 28th 2013Conor O'Brian
76.4%
Sep 18th 2013Tyler Breeze
72%
Oct 30th 2013Tyler Breeze
72%
Jan 23rd 2013Oliver Grey
59.6%
Feb 13th 2013Oliver Grey
59.6%
Mar 13th 2013Leo Kruger
59%
Jul 31st 2013Leo Kruger
59%
Aug 7th 2013Leo Kruger
59%
Sep 11th 2013Leo Kruger
59%
Sep 18th 2013Leo Kruger
59%
Nov 20th 2013Leo Kruger
59%
Dec 11th 2013Leo Kruger
59%
Dec 25th 2013Leo Kruger
59%
Jan 23rd 2013Jinder Mahal
55.3%
Apr 10th 2013Kassius Ohno
55.3%
Apr 17th 2013Wade Barrett
55.3%
Jun 5th 2013Kassius Ohno
55.3%
Jun 19th 2013Kassius Ohno
55.3%
Jun 26th 2013Kassius Ohno
55.3%
Nov 6th 2013Kassius Ohno
55.3%
Jan 30th 2013Michael McGillicutty
54%
Feb 6th 2013Michael McGillicutty
54%
Apr 10th 2013William Regal
51.6%
Jul 10th 2013William Regal
51.6%
Aug 14th 2013Xavier Woods
50.3%
Sep 11th 2013Xavier Woods
50.3%
Sep 18th 2013Xavier Woods
50.3%
Oct 9th 2013Aiden English
46%
Jan 16th 2013Justin Gabriel
45.3%
Mar 13th 2013Justin Gabriel
45.3%
Sep 4th 2013Jack Swagger
42.2%
Jan 16th 2013Damien Sandow
41%
Mar 27th 2013Damien Sandow
41%
May 15th 2013Damien Sandow
41%
Jan 23rd 2013Drew McIntyre
40.4%
Sep 18th 2013CJ Parker
40.4%
Oct 30th 2013CJ Parker
40.4%
May 1st 2013Chris Jericho
36%
Jul 24th 2013Sheamus
30.4%
Oct 9th 2013Rob Van Dam
29.8%
Mar 27th 2013Randy Orton
25.5%
Jun 26th 2013Scott Dawson
23.6%
Sep 25th 2013El Local
21.7%
Jan 30th 2013Primo
21.1%
Jan 30th 2013Epico
21.1%
Jun 26th 2013Garrett Dylan
8.1%

You're not logged in!

Compare scores with friends on all Sporcle quizzes.
Join for Free
OR
Log In

You Might Also Like...

Show Comments

Extras

Top Quizzes Today


Score Distribution

Your Account Isn't Verified!

In order to create a playlist on Sporcle, you need to verify the email address you used during registration. Go to your Sporcle Settings to finish the process.

Report this User

Report this user for behavior that violates our Community Guidelines.

Details: